Pragmatic transfer in making complaints in English by Vietnamese learners of English at a gifted high school in theMekong delta (Master of Education. Program Principles and methods in English language education)
This study is talking about pragmatic transfer in making complaints ing English by Vietnamese learners of English at a gifted high school in theMekong delta
Wedi'i Gadw mewn:
| Prif Awdur: | |
|---|---|
| Fformat: | Llyfr |
| Iaith: | Undetermined |
| Cyhoeddwyd: |
Can Tho
Cantho University
2014
|
| Pynciau: | |
| Tagiau: |
Ychwanegu Tag
Dim Tagiau, Byddwch y cyntaf i dagio'r cofnod hwn!
|
| Thư viện lưu trữ: | Trung tâm Học liệu Trường Đại học Cần Thơ |
|---|
| LEADER | 00979nam a2200229Ia 4500 | ||
|---|---|---|---|
| 001 | CTU_199225 | ||
| 008 | 210402s9999 xx 000 0 und d | ||
| 082 | |a 428.24071 | ||
| 082 | |b Kh527 | ||
| 088 | |a 60140111 | ||
| 100 | |a Nguyen, Bao Khuyen | ||
| 245 | 0 | |a Pragmatic transfer in making complaints in English by Vietnamese learners of English at a gifted high school in theMekong delta | |
| 245 | 0 | |b (Master of Education. Program Principles and methods in English language education) | |
| 245 | 0 | |c Nguyen Bao Khuyen ; Truong Vien (supervisor) | |
| 260 | |a Can Tho | ||
| 260 | |b Cantho University | ||
| 260 | |c 2014 | ||
| 520 | |a This study is talking about pragmatic transfer in making complaints ing English by Vietnamese learners of English at a gifted high school in theMekong delta | ||
| 650 | |a Ngôn ngữ Anh,English language | ||
| 650 | |x Dạy và học,Study and teaching | ||
| 904 | |i Nguyên | ||
| 980 | |a Trung tâm Học liệu Trường Đại học Cần Thơ | ||